| 000 | 04809nam a22004937a 4500 | ||
|---|---|---|---|
| 005 | 20110628122118.0 | ||
| 010 | _aENG-102685 B-452286-305 | ||
| 020 |
_c895.00 _a9780415677974 |
||
| 035 | _aEN-86218 B-452286-305 | ||
| 037 | _bDBAD / PUB | ||
| 037 | _bVirtuous Pub/Ven | ||
| 082 | _a321.80954 | ||
| 100 |
_aMohanty, Amarnath _941361 |
||
| 245 |
_aJustice, democracy and state in India : _cby Amarnath Mohanty _breflections on structure, dynamics and ambivalence / |
||
| 260 |
_aNew Delhi _bRoutledge _c2011 |
||
| 270 |
_a912-915 Tolstoy House, 15-17 Tolstoy Marg _bNew Delhi _e110001 |
||
| 300 |
_a394 p. _c23cm (Hb) |
||
| 500 | _aIncludes bibliographical references and ndex | ||
| 700 | _928520 | ||
| 710 | _928535 | ||
| 942 |
_2ddc _cEN _mMOH _h321.80954 |
||
| 999 |
_c53311 _d53311 |
||